[Event "RN-2015-0-00911"]
[Site "LSS email"]
[Date "2015.01.15"]
[Round "?"]
[White "Nejdek, Petr"]
[Black "Hickl, Norbert"]
[Result "0-1"]
[WhiteElo "556"]
[BlackElo "1024"]
[PlyCount "66"]
[EventDate "2015.01.07"]
[EventType "tourn (corr)"]
[EventRounds "6"]
[EventCountry "GER"]
[SourceTitle "Corr 2022"]
[Source "ChessBase"]
[SourceDate "2021.10.24"]
[SourceVersion "1"]
[SourceVersionDate "2021.10.24"]
[SourceQuality "1"]

1. e4 e6 2. d4 d5 3. exd5 exd5 4. a3 Nc6 5. Be3 Bd6 6. Be2 Be6 7. Bb5 Nge7 8. Qd2 a6 9. Bd3 Qd7 10. Nf3 Nf5 11. c3 Nxe3 12. Qxe3 0-0-0 13. Qg5 f6 14. Qc1 Rhe8 15. 0-0 g5 16. Qc2 h5 17. h3 g4 18. hxg4 hxg4 19. Nh4 Rh8 20. g3 Rh6 21. Nf5 Rh3 22. Nxd6+ Qxd6 23. Bf5 Bxf5 24. Qxf5+ Kb8 25. Kg2 Rdh8 26. Qxg4 Rh2+ 27. Kf3 f5 28. Qg5 Qe6 29. Nd2 Rg8 30. Qf4 Qg6 31. c4 Qh5+ 32. Ke3 Re8+ 33. Kd3 dxc4+ 0-1

[Event "RN-2015-0-00911"]
[Site "LSS email"]
[Date "2015.01.13"]
[Round "?"]
[White "Lenz, Juergen"]
[Black "Nejdek, Petr"]
[Result "1-0"]
[WhiteElo "1098"]
[BlackElo "556"]
[PlyCount "61"]
[EventDate "2015.01.07"]
[EventType "tourn (corr)"]
[EventRounds "6"]
[EventCountry "GER"]
[SourceTitle "Corr 2022"]
[Source "ChessBase"]
[SourceDate "2021.10.24"]
[SourceVersion "1"]
[SourceVersionDate "2021.10.24"]
[SourceQuality "1"]

1. d4 d5 2. Bf4 Nf6 3. e3 e6 4. Bd3 Bd6 5. Bg3 Bxg3 6. hxg3 Ng4 7. Nf3 f6 8. c4 Bd7 9. Nc3 Bc6 10. Qb3 Qd7 11. cxd5 exd5 12. Rxh7 Rxh7 13. Bxh7 Na6 14. Bg6+ Ke7 15. Qc2 Nb4 16. Qe2 Rh8 17. 0-0-0 f5 18. a3 Na6 19. Ne5 Qe6 20. Nxg4 fxg4 21. Bd3 Kd7 22. Bxa6 bxa6 23. Qxa6 Rb8 24. Qxa7 Rb7 25. Qa5 Qf5 26. Rd2 Qh5 27. e4 Qh1+ 28. Kc2 Qxg2 29. exd5 Bxd5 30. Qxd5+ Qxd5 31. Nxd5 1-0

[Event "ZN-2015-0-02963"]
[Site "LSS email"]
[Date "2015.01.12"]
[Round "?"]
[White "Nejdek, Petr"]
[Black "Tavenrath, Rainer"]
[Result "0-1"]
[WhiteElo "558"]
[BlackElo "910"]
[PlyCount "26"]
[EventDate "2015.01.14"]
[EventType "match (corr)"]
[EventRounds "2"]
[EventCountry "GER"]
[SourceTitle "Corr 2022"]
[Source "ChessBase"]
[SourceDate "2021.10.24"]
[SourceVersion "1"]
[SourceVersionDate "2021.10.24"]
[SourceQuality "1"]

1. e4 e5 2. Bc4 Nf6 3. d3 c6 4. Nc3 d5 5. exd5 cxd5 6. Bb3 Bb4 7. Bd2 0-0 8. a3 Ba5 9. Bg5 d4 10. Qe2 dxc3 11. Rb1 cxb2+ 12. Bd2 e4 13. Rxb2 Re8 0-1

[Event "RN-2015-0-00906"]
[Site "LSS email"]
[Date "2015.01.08"]
[Round "?"]
[White "Nejdek, Petr"]
[Black "Bieszk, Stanislaw"]
[Result "0-1"]
[WhiteElo "594"]
[BlackElo "971"]
[PlyCount "74"]
[EventDate "2014.12.31"]
[EventType "tourn (corr)"]
[EventRounds "6"]
[EventCountry "GER"]
[SourceTitle "Corr 2022"]
[Source "ChessBase"]
[SourceDate "2021.10.24"]
[SourceVersion "1"]
[SourceVersionDate "2021.10.24"]
[SourceQuality "1"]

1. e4 c5 2. Nf3 d6 3. d4 cxd4 4. Nxd4 Nf6 5. Bg5 Nxe4 6. Be3 e5 7. Nf3 Nc6 8. Bd3 Nc5 9. Bc4 h6 10. Bd5 Qc7 11. Nc3 Be7 12. 0-0 Bg4 13. h3 Bxf3 14. Qxf3 0-0 15. Nb5 Qa5 16. Nc3 Rac8 17. Bxc6 Rxc6 18. Nd5 Bd8 19. b4 Qa3 20. bxc5 dxc5 21. Rab1 Qxa2 22. Qg3 Qxd5 23. Bxh6 Rxh6 24. Rbd1 Qe6 25. Rfe1 f6 26. f4 Bb6 27. Kh1 Qf5 28. fxe5 fxe5 29. Rf1 Qxc2 30. Rxf8+ Kxf8 31. Rf1+ Kg8 32. Qxe5 Qc4 33. Qb8+ Kh7 34. Rf8 Qe6 35. Rh8+ Kg6 36. Qg3+ Kf7 37. Qc7+ Bxc7 0-1

[Event "RN-2015-0-00906"]
[Site "LSS email"]
[Date "2015.01.07"]
[Round "?"]
[White "Hinestroza, Douglas"]
[Black "Nejdek, Petr"]
[Result "1-0"]
[WhiteElo "827"]
[BlackElo "594"]
[PlyCount "53"]
[EventDate "2014.12.31"]
[EventType "tourn (corr)"]
[EventRounds "6"]
[EventCountry "GER"]
[SourceTitle "Corr 2022"]
[Source "ChessBase"]
[SourceDate "2021.10.24"]
[SourceVersion "1"]
[SourceVersionDate "2021.10.24"]
[SourceQuality "1"]

1. e4 e5 2. Nf3 Nc6 3. Bb5 Bc5 4. 0-0 Nge7 5. Nc3 Nd4 6. Nxd4 Bxd4 7. d3 a6 8. Ba4 Bxc3 9. bxc3 b5 10. Bb3 c5 11. a4 b4 12. cxb4 0-0 13. bxc5 Bb7 14. Bb2 Nc6 15. Qh5 Qf6 16. Qg4 Bc8 17. Qe2 Nd4 18. Bxd4 exd4 19. Bd5 Rb8 20. Rab1 Rxb1 21. Rxb1 d6 22. Rb6 Rd8 23. c6 Qe7 24. Qd2 Qc7 25. Qb4 Be6 26. Rb7 Bxd5 27. Rxc7 1-0

[Event "RN-2014-0-00903"]
[Site "LSS email"]
[Date "2015.01.02"]
[Round "?"]
[White "Raines, David T"]
[Black "Nejdek, Petr"]
[Result "1-0"]
[WhiteElo "978"]
[BlackElo "642"]
[PlyCount "25"]
[EventDate "2014.12.27"]
[EventType "tourn (corr)"]
[EventRounds "6"]
[EventCountry "GER"]
[SourceTitle "Corr 2015"]
[Source "ChessBase"]
[SourceDate "2015.07.17"]
[SourceVersion "1"]
[SourceVersionDate "2015.07.17"]
[SourceQuality "1"]

1. d4 d5 2. c4 e6 3. g3 Nf6 4. Bg2 Be7 5. Nf3 Nc6 6. c5 0-0 7. 0-0 Kh8 8. Nc3 g6 9. a3 Qd7 10. b4 Nh5 11. Bh6 Rg8 12. Ng5 f6 13. Nf7# 1-0

[Event "LSS No Engine Cup 123 Preliminary 0"]
[Site "LSS email"]
[Date "2015.01.01"]
[Round "?"]
[White "Nejdek, Petr"]
[Black "Basson, Heinrich"]
[Result "0-1"]
[WhiteElo "1600"]
[BlackElo "1643"]
[PlyCount "42"]
[EventDate "2015.01.02"]
[EventType "tourn (corr)"]
[EventRounds "6"]
[EventCountry "GER"]
[SourceTitle "Corr 2022"]
[Source "ChessBase"]
[SourceDate "2021.10.24"]
[SourceVersion "1"]
[SourceVersionDate "2021.10.24"]
[SourceQuality "1"]

1. e4 d5 2. exd5 Qxd5 3. Nc3 Qa5 4. d3 c6 5. Bd2 Qc7 6. Nf3 Nf6 7. Be2 Bg4 8. Ne4 Nxe4 9. dxe4 e6 10. Nh4 Bxe2 11. Qxe2 Nd7 12. g3 Be7 13. Bc3 Bf6 14. Bxf6 Nxf6 15. f4 0-0-0 16. e5 Nd5 17. 0-0-0 Qa5 18. Nf3 Qxa2 19. c3 Nxc3 20. Kc2 Nxe2 21. Nd2 Nd4+ 0-1

[Event "OP-2014-0-03603"]
[Site "LSS email"]
[Date "2014.12.30"]
[Round "?"]
[White "Nejdek, Petr"]
[Black "Krause, Peter"]
[Result "0-1"]
[WhiteElo "642"]
[BlackElo "2314"]
[PlyCount "44"]
[EventDate "2014.12.25"]
[EventType "tourn (corr)"]
[EventRounds "4"]
[EventCountry "GER"]
[SourceTitle "Corr 2015"]
[Source "ChessBase"]
[SourceDate "2015.07.17"]
[SourceVersion "1"]
[SourceVersionDate "2015.07.17"]
[SourceQuality "1"]

1. e4 c5 2. Nf3 e6 3. d4 cxd4 4. Nxd4 a6 5. Be3 Nf6 6. e5 Qa5+ 7. c3 Qxe5 8. Nd2 Nd5 9. N2f3 Nxe3 10. fxe3 Qxe3+ 11. Qe2 Qxe2+ 12. Bxe2 d5 13. 0-0 Bd6 14. Nc2 0-0 15. Rfd1 Nd7 16. Nce1 Nf6 17. Bd3 e5 18. Bc2 Rd8 19. Bb3 a5 20. a3 Ra6 21. Bc2 Bc5+ 22. Kh1 Ng4 0-1

[Event "OP-2014-0-03603"]
[Site "LSS email"]
[Date "2014.12.29"]
[Round "?"]
[White "Laffont, Jose Eduardo Alfred"]
[Black "Nejdek, Petr"]
[Result "1-0"]
[WhiteElo "1654"]
[BlackElo "642"]
[PlyCount "41"]
[EventDate "2014.12.25"]
[EventType "tourn (corr)"]
[EventRounds "4"]
[EventCountry "GER"]
[SourceTitle "Corr 2015"]
[Source "ChessBase"]
[SourceDate "2015.07.17"]
[SourceVersion "1"]
[SourceVersionDate "2015.07.17"]
[SourceQuality "1"]

1. Nf3 d5 2. d4 h6 3. Bf4 Bg4 4. Ne5 Bf5 5. e3 e6 6. Bd3 Bxd3 7. Qxd3 Nd7 8. Qb5 Bd6 9. Nxd7 Bxf4 10. Nc5+ c6 11. Qxb7 Ne7 12. exf4 0-0 13. Qa6 Nf5 14. Nb3 Qd6 15. g3 f6 16. Nc3 Rfb8 17. 0-0 g5 18. fxg5 hxg5 19. f4 Ne3 20. Qd3 Nf5 21. fxg5 1-0

[Event "OP-2014-0-03601"]
[Site "LSS email"]
[Date "2014.12.28"]
[Round "?"]
[White "Nejdek, Petr"]
[Black "Buecker, Juergen"]
[Result "0-1"]
[WhiteElo "659"]
[BlackElo "2493"]
[PlyCount "28"]
[EventDate "2014.12.24"]
[EventType "tourn (corr)"]
[EventRounds "4"]
[EventCountry "GER"]
[SourceTitle "Corr 2022"]
[Source "ChessBase"]
[SourceDate "2021.10.24"]
[SourceVersion "1"]
[SourceVersionDate "2021.10.24"]
[SourceQuality "1"]

1. e4 e5 2. Nf3 Nc6 3. a3 Nf6 4. d3 d5 5. Nc3 dxe4 6. dxe4 Qxd1+ 7. Nxd1 Nxe4 8. Bb5 f6 9. 0-0 Nd6 10. Re1 Nxb5 11. Bf4 Nbd4 12. Nxd4 Nxd4 13. Rc1 Bg4 14. f3 Bxf3 0-1

[Event "OP-2014-0-03600"]
[Site "LSS email"]
[Date "2014.12.27"]
[Round "?"]
[White "Loktaev, Val"]
[Black "Nejdek, Petr"]
[Result "1-0"]
[WhiteElo "1789"]
[BlackElo "659"]
[PlyCount "45"]
[EventDate "2014.12.23"]
[EventType "tourn (corr)"]
[EventRounds "4"]
[EventCountry "GER"]
[SourceTitle "Corr 2022"]
[Source "ChessBase"]
[SourceDate "2021.10.24"]
[SourceVersion "1"]
[SourceVersionDate "2021.10.24"]
[SourceQuality "1"]

1. d4 d5 2. c4 e6 3. Nf3 Nc6 4. Nc3 Be7 5. e3 Nf6 6. Qc2 Bb4 7. Bd2 Bxc3 8. Bxc3 Ne4 9. Bd3 f5 10. 0-0 g5 11. cxd5 Qxd5 12. Bxe4 fxe4 13. Nd2 Bd7 14. Nxe4 Ke7 15. f4 h6 16. fxg5 hxg5 17. Nf6 Qd6 18. g3 Raf8 19. Qg6 e5 20. dxe5 Qe6 21. Rad1 Nxe5 22. Bxe5 Qf7 23. Rxd7+ 1-0

[Event "SN-2014-0-00648"]
[Site "LSS email"]
[Date "2014.12.25"]
[Round "?"]
[White "Nejdek, Petr"]
[Black "Gorman, Andrew"]
[Result "0-1"]
[WhiteElo "642"]
[BlackElo "820"]
[PlyCount "118"]
[EventDate "2014.12.06"]
[EventType "tourn (corr)"]
[EventRounds "6"]
[EventCountry "GER"]
[SourceTitle "Corr 2015"]
[Source "ChessBase"]
[SourceDate "2015.07.17"]
[SourceVersion "1"]
[SourceVersionDate "2015.07.17"]
[SourceQuality "1"]

1. e4 e5 2. Nf3 Nc6 3. a3 d6 4. Bc4 Be6 5. Bxe6 fxe6 6. d3 Nf6 7. Bg5 Be7 8. Nbd2 h6 9. Bh4 Nd4 10. Nxd4 exd4 11. Bxf6 Bxf6 12. Qh5+ Kd7 13. Nf3 e5 14. c3 c5 15. c4 Qe8 16. Qg4+ Kc7 17. b3 Qd7 18. Qxd7+ Kxd7 19. 0-0 b6 20. h3 Rhg8 21. g3 g5 22. g4 Ke6 23. Kg2 Rg7 24. Ne1 Rf8 25. f3 Rgf7 26. Rf2 Be7 27. Nc2 a6 28. b4 Bd8 29. a4 Ra7 30. a5 b5 31. Na3 bxc4 32. Nxc4 Bc7 33. bxc5 dxc5 34. Rb2 Rb8 35. Rab1 Rxb2+ 36. Rxb2 Ke7 37. Nb6 Kd8 38. Nd5 Kd7 39. Nxc7 Rxc7 40. Rb6 Rc6 41. Rb2 Kc7 42. Kg3 Rd6 43. Rc2 Kc6 44. Rb2 Kc7 45. Kg2 Re6 46. Kf1 Rf6 47. Ke2 Rc6 48. Rc2 Kd6 49. Kd2 Kd7 50. Rb2 Kc7 51. Rb1 Rf6 52. Ke2 Rc6 53. Rc1 Kd6 54. Kd2 Kc7 55. Kc2 Rf6 56. Rf1 Kc6 57. Kb3 Kb5 58. Rf2 Rf7 59. Rf1 Rf6 0-1

[Event "ZN-2014-0-02928"]
[Site "LSS email"]
[Date "2014.12.25"]
[Round "?"]
[White "Nejdek, Petr"]
[Black "Trebichalsky, Rastislav"]
[Result "1-0"]
[WhiteElo "642"]
[BlackElo "606"]
[PlyCount "76"]
[EventDate "2014.12.22"]
[EventType "match (corr)"]
[EventRounds "2"]
[EventCountry "GER"]
[SourceTitle "Corr 2015"]
[Source "ChessBase"]
[SourceDate "2015.07.17"]
[SourceVersion "1"]
[SourceVersionDate "2015.07.17"]
[SourceQuality "1"]

1. e4 e5 2. Nf3 Qf6 3. d3 Bc5 4. Be2 d6 5. Nc3 Bg4 6. Nd5 Qd8 7. Be3 Bxe3 8. fxe3 Bxf3 9. Bxf3 Ne7 10. c4 c6 11. Qa4 0-0 12. Nc3 Nd7 13. Qd1 Rb8 14. b4 c5 15. b5 a6 16. a4 Qa5 17. Qd2 Nb6 18. 0-0 axb5 19. Rfd1 bxa4 20. Ra2 Qb4 21. Rb2 Qa5 22. Rdb1 Nec8 23. Rb5 Qa6 24. Nd5 Nxd5 25. Ra5 Qc6 26. exd5 Qd7 27. h3 b6 28. Rab5 Qc7 29. Bg4 Na7 30. R5b2 g6 31. Bd1 Rb7 32. Bxa4 Ra8 33. e4 Rbb8 34. g4 Kg7 35. h4 Rb7 36. h5 h6 37. Rf1 Rab8 38. g5 hxg5 1-0

[Event "SN-2014-0-00648"]
[Site "LSS email"]
[Date "2014.12.24"]
[Round "?"]
[White "Hickl, Norbert"]
[Black "Nejdek, Petr"]
[Result "1-0"]
[WhiteElo "870"]
[BlackElo "642"]
[PlyCount "35"]
[EventDate "2014.12.06"]
[EventType "tourn (corr)"]
[EventRounds "6"]
[EventCountry "GER"]
[SourceTitle "Corr 2015"]
[Source "ChessBase"]
[SourceDate "2015.07.17"]
[SourceVersion "1"]
[SourceVersionDate "2015.07.17"]
[SourceQuality "1"]

1. c4 e5 2. g3 Bc5 3. Bg2 d6 4. Nc3 Be6 5. Bxb7 c6 6. Bxa8 Qf6 7. Nf3 Bg4 8. Ne4 Qf5 9. Nxc5 Bxf3 10. exf3 dxc5 11. Qa4 Ne7 12. Qxa7 0-0 13. Qxe7 Qxf3 14. 0-0 f6 15. Qxc5 Rc8 16. Bb7 Rc7 17. Qb6 Re7 18. Qd8+ 1-0

[Event "ZN-2014-0-02926"]
[Site "LSS email"]
[Date "2014.12.24"]
[Round "?"]
[White "Linga, Venu Gopal"]
[Black "Nejdek, Petr"]
[Result "0-1"]
[WhiteElo "753"]
[BlackElo "642"]
[PlyCount "84"]
[EventDate "2014.12.19"]
[EventType "match (corr)"]
[EventRounds "2"]
[EventCountry "GER"]
[SourceTitle "Corr 2015"]
[Source "ChessBase"]
[SourceDate "2015.07.17"]
[SourceVersion "1"]
[SourceVersionDate "2015.07.17"]
[SourceQuality "1"]

1. e4 e5 2. Nf3 d6 3. Bc4 Be7 4. Nc3 Nf6 5. d3 Bg4 6. h3 Bh5 7. g4 Bg6 8. Nh4 Nxe4 9. Nxg6 Nxc3 10. bxc3 hxg6 11. Qf3 f6 12. Qxb7 Nd7 13. Bd5 Rb8 14. Qxa7 Nc5 15. Bc6+ Nd7 16. Bxd7+ Kxd7 17. Qa4+ c6 18. Qa7+ Ke6 19. Qe3 Qf8 20. Bd2 d5 21. Ke2 c5 22. Rab1 g5 23. d4 Bd6 24. dxe5 fxe5 25. Qxg5 Qf6 26. Qxf6+ gxf6 27. Kf3 c4 28. Kg2 e4 29. Be3 Be5 30. Bd4 Rhg8 31. f3 f5 32. Bxe5 Kxe5 33. Kf2 fxg4 34. fxe4 Rxb1 35. Rxb1 gxh3 36. Rb2 h2 37. Rb1 dxe4 38. Rh1 Rh8 39. Ke3 Rh3+ 40. Kd2 e3+ 41. Ke2 Ke4 42. Kf1 Kf3 0-1